Statistics for Regions of the World

Click here to take the quiz!

General Stats

  • This quiz has been taken 943 times
  • The average score is 147 of 196

Answers on the Map

Answers color-coded by a green-red scale on the quiz's map according to % correct below.
 

Answer Stats

Country% Correct
Middle East
86%
Northern Europe
84%
Balkans
81%
Central America
80%
Central Asia
78%
Eastern Europe
78%
Southeast Asia
78%
Western Europe
78%
Central Africa
77%
East Asia
77%
North Africa
77%
Oceania
77%
East Africa
75%
South Asia
73%
West Africa
73%
Central Europe
72%
South America
71%
Southern Africa
71%
Southern Europe
70%
Caribbean
69%
Caucasus
64%
Northern America
48%
Iberia
41%
Indian Ocean
32%

Score Distribution

Percentile by Number Answered

Percent of People with Each Score

Your Score History

You have not taken this quiz